000 00829nam a22001937a 4500
001 BD-DhSAU 4026
003 BD-DhSAU
005 20150211111123.0
008 150204s2005 bg a||||r|||| 001 0 b d
040 _aBD-DhSAU
082 _222
_a323.24
_bHOS
100 _aহোসেন, সেলিনা
245 _aপ্রান্তিক নারীর নিরাপত্তা :
_cসেলিনা হোসেন
_bবাংলাদেশ পরিপ্রেক্ষিত /
260 _aঢাকা :
_bWomen in Security and International Affairs ,
_c২০০৫।
300 _a২৯ পৃ. :
_bচিত্র. ;
_c২১ সে মি।
440 _aWomen's security paper.
590 _aerfat
650 _aআদিবাসী নারী
_zপার্বত্য চট্টগ্রামের.
942 _2ddc
_cBOOK
999 _c4026
_d4026